[Event "San Sebastian op 36th"]
[Site "San Sebastian"]
[Date "2013.03.30"]
[Round "9"]
[White "Oliveira, Maria Ines"]
[Black "Pardo Vaquero, Ignacio"]
[Result "1-0"]
[WhiteElo "1957"]
[BlackElo "1759"]
[PlyCount "111"]
[EventDate "2013.03.23"]
[EventType "swiss"]
[EventRounds "9"]
[EventCountry "ESP"]
[SourceTitle "CBM 153 Extra"]
[Source "ChessBase"]
[SourceDate "2013.04.22"]
[SourceVersion "1"]
[SourceVersionDate "2013.04.22"]
[SourceQuality "1"]

1. e4 d6 2. d4 Nf6 3. Nc3 e5 4. Nf3 Nbd7 5. Bc4 Be7 6. 0-0 0-0 7. Re1 c6 8. a4 b6 9. b3 a6 10. Bb2 Bb7 11. Bd3 Qc7 12. Ne2 b5 13. Ng3 g6 14. Qd2 Rfe8 15. Rad1 Bf8 16. Qc1 Bg7 17. h3 Rad8 18. Qa1 Kh8 19. Bc3 Ra8 20. Bf1 h6 21. Rd2 Kh7 22. dxe5 dxe5 23. Red1 c5 24. Qc1 Bc6 25. axb5 axb5 26. Bb2 Ng8 27. c4 b4 28. h4 Nf8 29. h5 Ne6 30. hxg6+ fxg6 31. Bd3 Nd4 32. Bxd4 exd4 33. Re2 Rf8 34. Bb1 Be5 35. Nxe5 Qxe5 36. Rf1 Rf4 37. Rb2 Nf6 38. Ne2 Rh4 39. f4 Qh5 40. Ng3 Qg4 41. Qe1 Re8 42. Bc2 Qe6 43. e5 Qg4 44. f5 g5 45. Bd1 Qf4 46. Rxf4 gxf4 47. Nf1 f3 48. Qxh4 Rg8 49. Qxf6 fxg2 50. Qf7+ Rg7 51. Qxg7+ Kxg7 52. Rxg2+ Bxg2 53. Kxg2 Kf7 54. Bh5+ Ke7 55. f6+ Kf8 56. e6 1-0

[Event "Madrid Chamartin op 1st"]
[Site "Madrid"]
[Date "2012.09.11"]
[Round "4"]
[White "Pardo Vaquero, Ignacio"]
[Black "Baeza Escudero, Javier"]
[Result "0-1"]
[WhiteElo "1756"]
[BlackElo "2008"]
[PlyCount "102"]
[EventDate "2012.09.09"]
[EventType "swiss"]
[EventRounds "9"]
[EventCountry "ESP"]
[SourceTitle "CBM 150 Extra"]
[Source "ChessBase"]
[SourceDate "2012.10.19"]
[SourceVersion "1"]
[SourceVersionDate "2012.10.19"]
[SourceQuality "1"]

1. d4 Nf6 2. Bf4 d5 3. Nf3 e6 4. e3 c5 5. c3 Nc6 6. Nbd2 Be7 7. Bd3 Qb6 8. Rb1 Bd7 9. Ne5 Rc8 10. g4 cxd4 11. exd4 h6 12. h4 Nxe5 13. Bxe5 Bb5 14. Bxb5+ Qxb5 15. f3 Qd3 16. Nb3 Qg6 17. h5 Qh7 18. Ke2 Nd7 19. Qd3 f5 20. Rbf1 0-0 21. Bf4 b5 22. a3 Nb6 23. Na5 a6 24. b4 Na4 25. Bd2 fxg4 26. fxg4 Bf6 27. Qxh7+ Kxh7 28. Nb7 Nxc3+ 29. Kd3 Ne4 30. Nc5 Ng3 31. Nxe6 Rfe8 32. g5 Rxe6 33. gxf6 gxf6 34. Rhg1 Nxf1 35. Rxf1 Rg8 36. Rf3 Rg4 37. Kc3 Rh4 38. Rf5 Rd6 39. Bf4 Rc6+ 40. Kd3 Kg7 41. Be3 Rh3 42. Kd2 Re6 43. Bf4 Re4 44. Bd6 Rxd4+ 45. Ke2 Rxa3 46. Bc5 Re4+ 47. Kd2 Re5 48. Rf1 Rxh5 49. Bd4 Rh2+ 50. Ke1 Rb3 51. Bxf6+ Kh7 0-1

[Event "Madrid Chamartin op 1st"]
[Site "Madrid"]
[Date "2012.09.11"]
[Round "3"]
[White "Pardo Vaquero, Ignacio"]
[Black "Cabeza Hernandez, Guillermo"]
[Result "1-0"]
[WhiteElo "1756"]
[BlackElo "1546"]
[PlyCount "45"]
[EventDate "2012.09.09"]
[EventType "swiss"]
[EventRounds "9"]
[EventCountry "ESP"]
[SourceTitle "CBM 150 Extra"]
[Source "ChessBase"]
[SourceDate "2012.10.19"]
[SourceVersion "1"]
[SourceVersionDate "2012.10.19"]
[SourceQuality "1"]

1. d4 Nf6 2. Bf4 g6 3. Nf3 Bg7 4. h3 0-0 5. e3 d6 6. Be2 Nbd7 7. 0-0 Qe8 8. Bh2 a6 9. a4 Ne4 10. Re1 c5 11. c3 b6 12. Nbd2 Bb7 13. Qb1 Ndf6 14. Rc1 Qc6 15. Nc4 Ra7 16. b4 d5 17. Nce5 Qd6 18. Nxg6 Qe6 19. Nxf8 Bxf8 20. bxc5 bxc5 21. a5 c4 22. Qb6 Qc6 23. Qxa7 1-0

[Event "Madrid San Viator op 17th"]
[Site "Madrid"]
[Date "2011.10.23"]
[Round "7"]
[White "Pardo Vaquero, Ignacio"]
[Black "Tolosana Esteban, Enrique"]
[Result "1-0"]
[WhiteElo "1752"]
[BlackElo "1806"]
[PlyCount "113"]
[EventDate "2011.09.25"]
[EventType "swiss"]
[EventRounds "9"]
[EventCountry "ESP"]
[SourceTitle "EXT 2012"]
[Source "ChessBase"]
[SourceDate "2011.11.24"]
[SourceVersion "1"]
[SourceVersionDate "2011.11.24"]
[SourceQuality "1"]

1. d4 Nf6 2. Bf4 Nh5 3. Bd2 Nf6 4. Bf4 g6 5. Nf3 Bg7 6. h3 c5 7. c3 Qb6 8. Qc1 0-0 9. e3 cxd4 10. exd4 d6 11. Nbd2 Nc6 12. Nc4 Qc7 13. Be2 Nd5 14. Bh2 e5 15. dxe5 dxe5 16. 0-0 Be6 17. Re1 Nf4 18. Bf1 b5 19. Ncxe5 Nxe5 20. Qxf4 f6 21. Qe3 Rfd8 22. Nxe5 fxe5 23. Bxe5 Bxe5 24. Qxe5 Qxe5 25. Rxe5 Bc4 26. Rae1 Rd2 27. Bxc4+ bxc4 28. R5e2 Rd3 29. Re7 Rb8 30. Rxa7 Kf8 31. Ree7 Rxb2 32. Rxh7 Kg8 33. Rhc7 Rd1+ 34. Kh2 Rxf2 35. Rxc4 Rdd2 36. Rc8+ Rf8 37. Rcc7 Rff2 38. Rg7+ Kf8 39. Rxg6 Rxa2 40. Rxa2 Rxa2 41. Rc6 Ke7 42. Kg3 Kd7 43. Rf6 Ke7 44. Rf4 Ra3 45. Rf3 Ke6 46. c4 Ra4 47. Rc3 Ke5 48. c5 Kd4 49. Rc1 Ra3+ 50. Kf4 Ra2 51. g4 Rf2+ 52. Kg5 Ke5 53. c6 Rf8 54. c7 Rg8+ 55. Kh6 Rf8 56. Kg6 Ke6 57. Kg7 1-0

[Event "Madrid San Viator op 17th"]
[Site "Madrid"]
[Date "2011.10.16"]
[Round "6"]
[White "Sarabia Utrilla, Joaquin"]
[Black "Pardo Vaquero, Ignacio"]
[Result "0-1"]
[WhiteElo "1816"]
[BlackElo "1752"]
[PlyCount "68"]
[EventDate "2011.09.25"]
[EventType "swiss"]
[EventRounds "9"]
[EventCountry "ESP"]
[SourceTitle "EXT 2012"]
[Source "ChessBase"]
[SourceDate "2011.11.24"]
[SourceVersion "1"]
[SourceVersionDate "2011.11.24"]
[SourceQuality "1"]

1. d4 Nf6 2. c4 c5 3. d5 b5 4. b3 d6 5. Nd2 g6 6. Bb2 Bg7 7. Ngf3 0-0 8. e4 bxc4 9. Bxc4 Bb7 10. 0-0 Nbd7 11. Re1 a5 12. Rb1 Ra7 13. Nh4 Qa8 14. f4 Rb8 15. f5 a4 16. fxg6 hxg6 17. e5 Nxd5 18. e6 Bxb2 19. exf7+ Kxf7 20. Rxb2 N7f6 21. Qe2 Bc8 22. Ne4 Bg4 23. Ng5+ Kg7 24. Qc2 Bh5 25. Ne6+ Kh7 26. Bd3 Rg8 27. Ng5+ Kh6 28. Nf5+ gxf5 29. Qd2 f4 30. Ne6 axb3 31. Nxf4 Nxf4 32. Qxf4+ Kg7 33. Rxb3 Rxa2 34. Bc4 Qxg2# 0-1